00716nam a2200217Ia 4500003000900000008004100009020001800050040001600068080001600084100002400100245011100124260003800235300001600273650002500289650001800314650001900332700002600351942000700377999001500384952009900399IN-BaIIA211028s9999 xx 000 0 eng d a0-87909-302-1 cIIA Library a519.68bHOL aHolt., R. C.910261 0aFundamentals of structured programming using FORTRAN with SF/k and WATFIV-ScR. C. Holt and J. N. P. Hume aRestonbReston Publicationsc1977 axiii, 349p. aComputer Programming aFortran94275 aNASA Thesaurus aHume, J. N. P.910262 cBK c5923d5923 00104070aBANbBANcGENd1978-08-18l0o519.68/ HOLp6619r2021-11-05w1978-08-18yBK 10.50